000 00398nam a22001697a 4500
005 20160503114928.0
008 160503b xxu||||| |||| 00| 0 eng d
020 _a0-07-049505-X
041 _aeng
082 _b1194
100 _aGupta Vibha
_9405
245 _aCarrers a pathfinder
260 _aNew Delhi
_bTata MC Graw Hill,
_c2004
300 _a665
650 _aManagement
_9241
942 _cBK
999 _c479
_d479